00794nam a22002297a 4500003000500000005001700005008004100022010001000063011001000073035001000083040000900093100003900102245015200141260003900293300003000332502009700362650001200459650001700471650002900488650002300517650002400540CHAP20220329134122.0971013s1983 r 00010 d a15668 a16640 a20722 cCHAP00aGuajardo Garza, Heberto Francisco. aEfecto de la aplicación de estiércol fermentado, cal y azufre en el rendimiento de la papa (Solanum tuberosum L.) cultivada en suelo calcáreo aMonterrey, N.L. :bEl autor,c1983 a40 h.b: tablas ; gráfs aTesis (Ing. Agrónomo Administrador) -- ITESM. Div. de Ciencias Agropecuarias y Marítimas14aAbonos.14aEstiércol.14aFertilizantes para papa.14aPapaxRendimiento.14aSuelos calcáreos.